00538nam a2200169 i 4500001000300000100002100003245007000024260002100094040000800115041000800123080001300131942000700144008004100151999001700192856009800209952006100307bg1 aBOHM, Aleksander 0aO budowie i synergii wnętrz urbanistycznych /cAleksander Bohm. aKraków,c1981. cBPK apol a711.4/.8 cKS s pl f |000 0 pol  c20523d20523 uhttp://koha.tu.koszalin.pl/cgi-bin/koha/opac-detail.pl?biblionumber=20523yKatalog online BPK 00104070aBPKbBPKcwo28918p01065121s2019-01-21yKS